<?xml version="1.0" encoding="UTF-8"?><?xml-stylesheet type="text/xsl" href="static/style.xsl"?><OAI-PMH xmlns="http://www.openarchives.org/OAI/2.0/" xmlns:xsi="http://www.w3.org/2001/XMLSchema-instance" xsi:schemaLocation="http://www.openarchives.org/OAI/2.0/ http://www.openarchives.org/OAI/2.0/OAI-PMH.xsd"><responseDate>2026-06-03T10:51:00Z</responseDate><request verb="GetRecord" identifier="oai:riuma.uma.es:10630/35284" metadataPrefix="marc">https://riuma.uma.es/rest/oai/request</request><GetRecord><record><header><identifier>oai:riuma.uma.es:10630/35284</identifier><datestamp>2026-02-03T11:20:41Z</datestamp><setSpec>com_10630_2254</setSpec><setSpec>col_10630_37953</setSpec></header><metadata><record xmlns="http://www.loc.gov/MARC21/slim" xmlns:dcterms="http://purl.org/dc/terms/" xmlns:doc="http://www.lyncode.com/xoai" xmlns:xsi="http://www.w3.org/2001/XMLSchema-instance" xsi:schemaLocation="http://www.loc.gov/MARC21/slim http://www.loc.gov/standards/marcxml/schema/MARC21slim.xsd">
   <leader>00925njm 22002777a 4500</leader>
   <datafield ind2=" " ind1=" " tag="042">
      <subfield code="a">dc</subfield>
   </datafield>
   <datafield ind2=" " ind1=" " tag="720">
      <subfield code="a">Algaba-Ros, Silvia</subfield>
      <subfield code="e">author</subfield>
   </datafield>
   <datafield ind2=" " ind1=" " tag="260">
      <subfield code="c">2024</subfield>
   </datafield>
   <datafield ind2=" " ind1=" " tag="520">
      <subfield code="a">Se analiza en este trabajo la responsabilidad civil de las personas o entidades titulares de centros docentes de enseñanza no superior por los daños ocasionados por los alumnos que se encuentran bajo la vigilancia y control de los profesores del centro docente cuando están realizando actividades escolares, extraescolares o complementarias. Se trata de un ámbito que plantea numerosos interrogantes que alcanzan desde la elección de la normativa aplicable (civil, penal o administrativa) hasta la determinación de la naturaleza de la responsabilidad, sujetos responsables…  Todo ello aconseja clarificar la configuración de la citada responsabilidad  a fin de poder dar solución a aquellos conflictos que se planteen, lo que favorecerá no solo que los afectados puedan defender judicialmente y con éxito sus intereses, sino también que lleguen a acuerdos consensuados. La inseguridad jurídica aleja a los ciudadanos de una gestión adecuada a sus conflictos especialmente necesaria cuando nos encontramos ante cuestiones que afectan a menores.</subfield>
   </datafield>
   <datafield ind1="8" ind2=" " tag="024">
      <subfield code="a">Algaba Ros, Silvia. “La responsabilidad civil de los centros docentes de enseñanza no superior por los daños causados por sus alumnos menores de edad”. InDret, no. 4, pp. 65-114, doi:10.31009/InDret.2024.i4.03.</subfield>
   </datafield>
   <datafield ind1="8" ind2=" " tag="024">
      <subfield code="a">https://hdl.handle.net/10630/35284</subfield>
   </datafield>
   <datafield ind1="8" ind2=" " tag="024">
      <subfield code="a">10.31009/InDret.2024.i4.03</subfield>
   </datafield>
   <datafield tag="653" ind2=" " ind1=" ">
      <subfield code="a">Responsabilidad de titulares de centros docentes - Derecho y legislación</subfield>
   </datafield>
   <datafield ind2="0" ind1="0" tag="245">
      <subfield code="a">La responsabilidad civil de los centros docentes de enseñanza no superior por los daños causados por sus alumnos menores de edad.</subfield>
   </datafield>
</record>
</metadata></record></GetRecord></OAI-PMH>